Normal view
MARC view
- أساليب تدريس-التعليم-العلوم
Entry Topical Term
001 - CONTROL NUMBER
- control field: 48269
003 - CONTROL NUMBER IDENTIFIER
- control field: JO-AjAnu
005 - DATE AND TIME OF LATEST TRANSACTION
- control field: 20230606081948.0
008 - FIXED-LENGTH DATA ELEMENTS
- fixed length control field: 230606|| aca||aabn | a|a d
040 ## - CATALOGING SOURCE
- Original cataloging agency: JO-AjAnu
- Transcribing agency: JO-AjAnu
150 ## - HEADING--TOPICAL TERM
- Topical term or geographic name entry element: أساليب تدريس-التعليم-العلوم
670 ## - SOURCE DATA FOUND
- Source citation: Work cat.: (JO-AjAnu)24694: الفلاح، فخري علي إبراهيم, author 48268, معايير البناء للمنهاج وطرق تدريس العلوم